UM Logo

Auditors' and management's new approach regarding the going concern assessment/ (Record no. 15931)

MARC details
000 -LEADER
fixed length control field 00602nam a2200157 4500
008 - FIXED-LENGTH DATA ELEMENTS--GENERAL INFORMATION
fixed length control field 210119b ||||| |||| 00| 0 eng d
022 ## - INTERNATIONAL STANDARD SERIAL NUMBER
International Standard Serial Number 0732-8435
082 ## - DEWEY DECIMAL CLASSIFICATION NUMBER
Classification number DPer 657.05 C33 Sept - Mar 2015, v. 85 - 86
100 ## - MAIN ENTRY--PERSONAL NAME
Personal name Reinstein, Alan.
9 (RLIN) 42750
245 ## - TITLE STATEMENT
Title Auditors' and management's new approach regarding the going concern assessment/
Statement of responsibility, etc. Alan Reinstein and Stefanie L. Tate
260 ## - PUBLICATION, DISTRIBUTION, ETC. (IMPRINT)
Place of publication, distribution, etc. New York:
Name of publisher, distributor, etc. The New York State Society of CPA,
Date of publication, distribution, etc. ©2015.
300 ## - PHYSICAL DESCRIPTION
Extent v86 n2, pages 50-53:
Other physical details illustrations;
Dimensions 28 cm.
650 ## - SUBJECT ADDED ENTRY--TOPICAL TERM
Topical term or geographic name as entry element Auditing.
9 (RLIN) 42751
700 ## - ADDED ENTRY--PERSONAL NAME
Personal name Tate, S. L.
Relator term Author.
9 (RLIN) 42752
942 ## - ADDED ENTRY ELEMENTS (KOHA)
Source of classification or shelving scheme Dewey Decimal Classification
Koha item type Periodicals
Holdings
Withdrawn status Lost status Source of classification or shelving scheme Damaged status Not for loan Collection code Home library Current library Date acquired Total Checkouts Full call number Date last seen Price effective from Koha item type Public note
    Dewey Decimal Classification     Periodicals UM Digos College - LIC UM Digos College - LIC 01/19/2021   DPer 657.05 C33 Sept - Mar 2015, v. 85 - 86 01/19/2021 01/19/2021 Periodicals Periodical article